Corazones en la oscuridad /
Águeda goes out every afternoon to stroll the mall promenade. It appears safe and protective as ever for this beautiful woman in old age, but she begins to notice symptoms of dementia. The protagonists of this novel are lost women who are found in their discovery of the past.
Saved in:
| Hovedforfatter: | |
|---|---|
| Format: | Electronisk eBog |
| Sprog: | spansk |
| Udgivet: |
Barcelona :
Editorial Anagrama,
[2016]
|
| Udgivelse: | Edición en formato digital. |
| Serier: | Narrativas hispánicas ;
560. |
| Fag: | |
| Online adgang: | Digitalia Hispánica |
| Tags: |
Tilføj Tag
Ingen Tags, Vær først til at tagge denne postø!
|
MARC
| LEADER | 00000nam a2200000 i 4500 | ||
|---|---|---|---|
| 001 | DIGANAGRA0574 | ||
| 003 | NyNyDIG | ||
| 006 | m o d | ||
| 007 | cr ||||||||||| | ||
| 008 | 210316s2016 sp o 000 f spa d | ||
| 035 | |a (OCoLC)1246554158 | ||
| 040 | |a DGITA |b eng |e rda |e pn |c DGITA | ||
| 020 | |a 9788433936882 |q eBook | ||
| 020 | |z 9788433998071 | ||
| 050 | 1 | 4 | |a PQ6716.E452 eBook |
| 100 | 1 | |a Pérez Azaústre, Joaquín, |d 1976- |e author. | |
| 245 | 1 | 0 | |a Corazones en la oscuridad / |c Joaquín Pérez Azaústre. |
| 250 | |a Edición en formato digital. | ||
| 264 | 1 | |a Barcelona : |b Editorial Anagrama, |c [2016] | |
| 300 | |a 1 online resource. | ||
| 336 | |a text |b txt |2 rdacontent | ||
| 337 | |a computer |b c |2 rdamedia | ||
| 338 | |a online resource |b cr |2 rdacarrier | ||
| 347 | |a text file |2 rdaft | ||
| 347 | |b EPUB | ||
| 490 | 1 | |a Narrativas hispánicas | |
| 520 | |a Águeda goes out every afternoon to stroll the mall promenade. It appears safe and protective as ever for this beautiful woman in old age, but she begins to notice symptoms of dementia. The protagonists of this novel are lost women who are found in their discovery of the past. | ||
| 588 | 0 | |a Online resource; title from ePub title page (Digitalia, viewed March 16, 2021) | |
| 655 | 7 | |a Fiction. |2 lcgft | |
| 655 | 0 | |a Electronic books. | |
| 776 | 0 | 8 | |i Print version: |a Pérez Azaústre, Joaquín, 1976- |t Corazones en la oscuridad. |d Barcelona : Editorial Anagrama, 2016 |z 9788433998071 |w (OCoLC) 2016380849 |w (OCoLC)937390706 |
| 791 | 2 | |a Digitalia (Firm), |e distributor. | |
| 793 | 0 | |g Digitalia Hispánica eBook Collection: |a Anagrama | |
| 830 | 0 | |a Narrativas hispánicas ; |v 560. | |
| 856 | 4 | 0 | |3 Digitalia Hispánica |u https://digitalia.unach.elogim.com/a/42214/ |
| 910 | |a Premium Collection: 2021 | ||